[Event "Lidums Checkmate Op"]
[Site "Adelaide"]
[Date "2007.07.07"]
[Round "3.12"]
[White "Dragicevic, Domagoj"]
[Black "Mdinaradze, Edgar"]
[Result "1-0"]
[Annotator "Fritz 10"]
[BlackElo "1896"]
[EventCountry "AUS"]
[EventDate "2007.07.07"]
[EventRounds "7"]
[EventType "swiss"]
[PlyCount "98"]
[WhiteElo "2087"]

{ B07: Pirc Defence: Miscellaneous Systems } 1. e4 d6 2. d4 Nf6 3. Nc3 g6 4. Be3
Bg7 5. Qd2 c6 6. Bd3 { Black has a cramped position}  6... Qa5 $146 ( 6... Ng4
7. O-O-O ( 7. Nf3 Nxe3 8. fxe3 Nd7 9. O-O O-O 10. a4 a5 11. Qf2 e5 12. Ne2 b6
13. c3 Ba6 14. Bxa6 Rxa6 15. Ng3 Qe7 16. Qe2 Raa8 17. Qc4 Rac8 18. Rad1 Bh6 19.
Rfe1 Rfd8 20. b4 c5 21. Qb5 cxd4 { Melgosa,M-Mera Cedeno,A/Tunja 1989/TD/0-1  (
39 )}  )7... Nxe3 8. fxe3 b5 9. Kb1 O-O 10. Nce2 Nd7 11. Nf3 Rb8 12. g4 c5 13.
Ng3 c4 14. Bf1 Nb6 15. g5 Na4 16. c3 a5 17. Qc2 Bd7 18. Nd2 Qc7 19. Ka1 e5 20.
Be2 Nb6 21. Nf3 { Wolff,P  ( 2585 ) -Nijboer,F  ( 2555 ) /Groningen 1993/CBM
039/1-0  ( 46 )}  )( 6... Ng4 7. Nf3 $14 )7. h3 { White has an active position}
 7... Nbd7 { Black's piece can't move: c8}  8. Nf3 Nf8 ( 8... O-O 9. a3 $14 )9.
O-O $16 Qc7 10. Ne2 Ne6 11. Bh6 { Black has a cramped position}  ( 11. Rfe1 h6
$16 )11... O-O ( 11... Bxh6 12. Qxh6 g5 13. e5 dxe5 14. Nxe5 Nxd4 15. Nxd4 (
15. Qxg5 $143 Rg8 16. Qe3 Qxe5 17. Nxd4 Qxe3 18. fxe3 Bxh3 $19 )15... Qxe5 16.
Nf3 $14 )12. Ng3 Ne8 13. c3 d5 14. e5 b6 15. Nh4 ( 15. h4 Qd7 $16 )15... f5 16.
Bxg7 N8xg7 17. f4 a5 18. Ne2 Nd8 19. Kh2 e6 ( 19... a4 20. g4 $14 )20. g4 Ba6
21. gxf5 exf5 22. Rg1 Bxd3 23. Qxd3 Nde6 24. Nf3 Rf7 25. Ng5 Nxg5 26. Rxg5 Ne6
27. Rg2 Kh8 28. h4 Ng7 29. Ng3 ( 29. Rc1 $5 $14)29... Qe7 { Black threatens to
win material: Qe7xh4}  30. Kh3 b5 31. Qf3 Ne6 { In the style of Nimzovich}  32.
Ne2 Rg8 33. Rh1 Rfg7 34. Kg3 ( 34. Qg3 a4 $11 )34... Rd8 ( 34... g5 $5 35. Rhg1
gxf4+ 36. Kh3 Rxg2 37. Rxg2 Rxg2 38. Qxg2 Qf8 $17 )35. Kf2 b4 36. Kg3 a4 37.
Rc1 c5 ( 37... a3 $5 { looks like a viable alternative}  38. bxa3 bxc3 39. Qxc3
c5 $11 )38. cxb4 $11 cxd4 ( 38... cxb4 39. Rc6 $11 )39. a3 $14 h6 40. Kf2 ( 40.
Rd1 $5 $16 $142)40... Qxh4+ $11 41. Qg3 { White threatens to win material:
Qg3xh4}  41... Qe7 ( 41... g5 42. Qxh4 gxh4 43. Rxg7 Kxg7 44. Rd1 $11 )42. Rc6
( 42. Rh1 h5 $14 )42... g5 43. Qd3 { The isolani on d4 becomes a target}  ( 43.
Rh2 Rh7 $14 )43... gxf4 44. Rxg7 Nxg7 $4 { letting the wind out of his own
sails}  ( 44... Qh4+ $142 { is just about the only chance}  45. Kf1 Nxg7 $11
)45. Rxh6+ $18 Kg8 46. Qh3 Qg5 47. Rh8+ $4 { what a pity, victory was in sight}
 ( 47. Nxd4 $142 { nails it down}  47... Rf8 48. Rh8+ Kf7 49. e6+ Ke7 50. Rxf8
Kxf8 51. Qh8+ Ke7 52. Qxg7+ Qxg7 53. Nxf5+ Kxe6 54. Nxg7+ Ke5 55. b5 $18 )47...
Kf7 $11 48. Rxd8 Qxd8 49. Nxf4 { A valuable piece}  ( 49. Qh1 Ne6 $11 )49...
Qg5 $11 { Following moves unknown}   1-0

[Event "Lidums Checkmate Op"]
[Site "Adelaide"]
[Date "2007.07.07"]
[Round "3.13"]
[White "Szuveges, Narelle"]
[Black "Goldsmith, Alan D"]
[Result "0-1"]
[Annotator "Fritz 10"]
[BlackElo "2081"]
[EventCountry "AUS"]
[EventDate "2007.07.07"]
[EventRounds "7"]
[EventType "swiss"]
[PlyCount "62"]
[WhiteElo "1702"]

{ A70: Modern Benoni: 6 e4 g6 7 Nf3 } 1. d4 Nf6 2. c4 c5 3. d5 e6 4. Nc3 exd5 5.
cxd5 d6 6. e4 g6 7. h3 Bg7 8. Nf3 O-O 9. Bd3 b5 10. Bxb5 Nxe4 11. Nxe4 Qa5+ 12.
Nc3 Bxc3+ 13. bxc3 Qxb5 14. Qe2 $146 ( 14. Be3 Ba6 15. h4 Qc4 16. Rc1 h5 17.
Nd2 Qxd5 18. Qf3 Qd3 19. c4 Nd7 20. Rh3 Ne5 21. Qe2 Rfe8 22. Kd1 Nxc4 23. Qxd3
Nb2+ 24. Kc2 Nxd3 25. Rg1 f5 26. Rg3 Kh7 27. Rf3 d5 28. Nb3 d4 {
Cherednichenko,S  ( 2238 ) -Brzeski,M  ( 2246 ) /Mielno 2006/CBM 112 ext/0-1  (
33 )}  )( 14. Qb3 $5 { should not be overlooked}  14... Re8+ 15. Be3 $15 )14...
Re8 $17 15. Be3 c4 ( 15... Qxe2+ $5 16. Kxe2 Nd7 $17 )16. Qd2 ( 16. O-O $5 $14
{ must definitely be considered} )16... Bb7 $15 { Black threatens to win
material: Bb7xd5}  17. Rd1 Nd7 18. O-O Ne5 19. Nxe5 Rxe5 { Increases the
pressure on d5}  20. Bd4 Qxd5 21. f4 ( 21. f3 $5 $142 { and White could well
hope to play on}  21... Re7 22. Qh6 $11 )21... Re6 $17 22. Qf2 Rae8 23. Rd2 Qh5
24. Rb1 { White threatens to win material: Rb1xb7}  24... Bc6 25. Rbb2 a5 26.
Bb6 ( 26. Rb6 $5 d5 27. Kh2 $15 )26... a4 27. a3 Qf5 28. Bc7 $4 { further
deteriorates the position}  ( 28. Qg3 h6 $17 )28... h5 ( 28... Re1+ 29. Qxe1
Rxe1+ 30. Kf2 Qe4 $19 )29. Bxd6 $4 { an oversight. But White was lost anyway.} 
( 29. Kh2 $142 d5 30. Rb8 $17 )29... Re1+ $19 30. Kh2 R8e3 ( 30... Rh1+ $1 $142
{ and Black has reached his goal}  31. Kxh1 Qxh3+ 32. Kg1 Bxg2 $19 )31. Be5 (
31. Qh4 { is the last straw}  31... f6 32. Rf2 $19 )31... Qxh3+ $3 { Mate
attack.}  ( 31... Qxh3+ 32. gxh3 Rh1# ) 0-1

[Event "Lidums Checkmate Op"]
[Site "Adelaide"]
[Date "2007.07.07"]
[Round "3.14"]
[White "Hacche, David J"]
[Black "Slidziunas, John"]
[Result "1-0"]
[Annotator "Fritz 10"]
[BlackElo "1671"]
[EventCountry "AUS"]
[EventDate "2007.07.07"]
[EventRounds "7"]
[EventType "swiss"]
[PlyCount "75"]
[WhiteElo "2036"]

{ D02: 1 d4 d5 2 Nf3 sidelines, including 2...Nf6 3 g3 and 2...Nf6 3 Bf4 } 1.
Nf3 Nf6 2. d4 g6 3. h3 Bg7 4. Bf4 d6 5. e3 O-O 6. Bc4 d5 7. Be2 Nbd7 8. O-O Ne4
( 8... c5 9. c3 b6 10. Nbd2 Bb7 11. Ne5 Nxe5 12. Bxe5 Qd7 13. b4 Rfc8 14. Qb3
c4 15. Qc2 a5 16. a4 axb4 17. cxb4 Bc6 18. b5 Bb7 19. Bf3 Ne8 20. Bxg7 Nxg7 21.
Nb1 e6 22. Nc3 Nf5 23. g3 { Augustin,J  ( 2337 ) -Svanda,P  ( 2244 ) /Czechia
2004/CBM 103 ext/1/2-1/2  ( 40 )}  )( 8... b6 9. a4 Bb7 10. Nbd2 c5 11. c3 Re8
12. Bh2 Ne4 13. a5 e5 14. Nxe4 dxe4 15. Nxe5 Nxe5 16. dxe5 Bxe5 17. Bxe5 Rxe5
18. axb6 Qxb6 19. Bc4 Re7 20. Qc2 Rd8 21. Rfd1 Red7 22. Rxd7 Rxd7 23. b3 {
Poluektov,Y  ( 2365 ) -Palkovich,D  ( 2212 ) /Kiev 2006/CBM 113 ext/1/2-1/2  (
75 )}  )9. Nbd2 Ndf6 10. c4 $146 ( 10. c3 c5 11. Nxe4 Nxe4 12. a4 b6 13. Nd2
Nxd2 14. Qxd2 Bb7 15. Rad1 Qe8 16. Bb5 Qc8 17. Be2 Qe8 18. Qc2 e5 19. dxe5 Bxe5
20. Bh6 Bg7 21. Bxg7 Kxg7 22. Bf3 Rd8 23. c4 Qe5 24. Rd2 Rd7 {
Torosian,A-Javakhishvili,E/Yerevan 1996/CBM 052 ext/1/2-1/2  ( 43 )}  )10... c6
11. Rc1 Nxd2 12. Qxd2 Bf5 13. cxd5 Nxd5 14. Bg3 Nf6 15. Qb4 { White threatens
to win material: Qb4xb7}  15... Bc8 16. Rfd1 Qb6 ( 16... Re8 17. Bd3 $16 )17.
Qa3 ( 17. Qxe7 Qxb2 18. Bc4 Nd5 $16 )17... Be6 18. b3 { Covers c4}  18... Rfe8
19. Bc4 Bd5 20. Ne5 e6 { Secures d5}  ( 20... a5 21. Bxd5 cxd5 22. Nd3 $14 )21.
Bd3 $16 Be4 22. Bf1 g5 ( 22... Bd5 23. f3 $16 )23. f3 Bg6 24. Bf2 Qd8 25. Qb2
Nd7 26. Nxg6 hxg6 27. b4 Qf6 28. Qb3 Nb6 29. e4 { White plans d5}  29... Red8
30. a4 e5 31. a5 Nd7 32. d5 cxd5 $2 ( 32... a6 $18 $142)33. Rxd5 Nf8 34. Bc4 (
34. Rc7 $142 { and White can already relax}  34... Rdb8 35. Bg3 Rc8 36. Rxb7
Qe6 $18 )34... Ne6 35. Rcd1 ( 35. Rb5 Rd7 36. Rd1 Nd4 37. Bxd4 exd4 $16 )35...
g4 $2 ( 35... Nd4 36. Bxd4 Rxd5 37. Bxd5 ( 37. exd5 $6 exd4 38. Re1 Qd6 $11
)37... exd4 38. Bxb7 $16 )36. hxg4 ( 36. fxg4 $5 $142 { seems even better} 
36... Rxd5 37. Bxd5 $18 ( 37. exd5 $6 Nd4 38. Qd3 Rc8 $16 )( 37. Rxd5 $6 Qe7
$18 ))36... Nd4 37. Qa2 ( 37. g5 $5 Qe7 38. Qd3 $18 )37... Rxd5 ( 37... Bh6 38.
R1xd4 exd4 39. Bxd4 $14 )38. Bxd5 { Following moves unknown}  ( 38. Bxd5 Rc8
39. Bxb7 $16 )( { Weaker is } 38. exd5 Rc8 $14 ) 1-0

[Event "Lidums Checkmate Op"]
[Site "Adelaide"]
[Date "2007.07.07"]
[Round "3.15"]
[White "Ajith, Chol Solomon"]
[Black "Morris, James"]
[Result "0-1"]
[Annotator "Fritz 10"]
[BlackElo "2035"]
[EventCountry "AUS"]
[EventDate "2007.07.07"]
[EventRounds "7"]
[EventType "swiss"]
[PlyCount "115"]
[WhiteElo "1430"]

{ C02: French: Advance Variation } 1. e4 e6 2. d4 d5 3. e5 c5 4. Nf3 Ne7 5. Bg5
$146 ( 5. dxc5 Ng6 ( 5... Nec6 6. Bd3 Nd7 7. Qe2 ( 7. Bf4 Nxc5 8. O-O Nxd3 9.
Qxd3 Be7 10. Nbd2 O-O 11. c4 Nb4 12. Qb3 b6 13. Rfd1 Bb7 14. Rac1 Rc8 15. a3
dxc4 16. Nxc4 Nd5 17. Bg3 Qc7 18. h3 Ba6 19. Nd6 Qxc1 20. Rxc1 Rxc1+ 21. Kh2
Rc7 { Medina Garcia,A-Sanz Aguado,J/Madrid 1943/HCL/1-0  ( 45 )}  ) 7... Nxc5
8. O-O Be7 9. Bf4 g5 10. Bg3 h5 11. h3 Qb6 12. Na3 Bd7 13. c4 Nb4 14. Bb1 Ne4
15. Bxe4 dxe4 16. Qxe4 Bc6 17. Qe3 g4 18. Qxb6 axb6 19. Nd4 h4 20. Nxc6 {
Hrabinska,M  ( 2250 ) -Shemeakin,A  ( 2327 ) /Alushta 2006/CBM 111 ext/0-1  (
73 )}  )6. b4 a5 7. c3 Bd7 8. b5 Qc7 9. Be3 Bxc5 10. Bxc5 Qxc5 11. Qd4 Qxd4 12.
cxd4 O-O 13. Nc3 a4 14. h4 Rc8 15. Kd2 Be8 16. Ne1 Nd7 17. Nd3 Rc4 18. Ne2 Rac8
19. Rc1 Nb6 { Keres,P-Schmidt,P/Parnu 1936/HCL/1-0  ( 38 )}  )( 5. Bf4 Nec6 6.
Bd3 Be7 7. O-O cxd4 8. Nbd2 Nd7 9. Nb3 Qb6 10. a3 a5 11. a4 h6 12. Re1 Bc5 13.
Bb5 O-O 14. Nxc5 Qxc5 15. Bxc6 bxc6 16. Nxd4 Re8 17. Re3 Nf8 18. Rc3 Qb4 19.
Be3 Bd7 { Hagarova,Z  ( 2364 ) -Tibensky,R  ( 2385 ) /Banska Stiavnica 2006/CBM
113 ext/0-1  ( 63 )}  )( 5. Bd3 Nec6 6. O-O Be7 7. c3 b6 8. Re1 Ba6 9. Bxa6
Nxa6 10. Qa4 Nb8 11. dxc5 bxc5 12. Qg4 g6 13. Bh6 Nd7 14. Nbd2 Qc7 15. Qf4 Bf8
16. Ng5 Ndxe5 17. Bxf8 Rxf8 18. Nxh7 Rh8 19. Qh4 f5 { Kaeser,U  ( 2295 )
-Libeau,R  ( 2360 ) /Germany 1991/GER-chT2/0-1}  )5... h6 6. Bh4 ( 6. Bc1 $5
$11 $142 { and White is still in the game} )6... Qb6 $17 7. b3 Nf5 8. Bd3 Nxh4
9. Nxh4 Nc6 10. dxc5 $4 { the position is going down the drain}  ( 10. O-O $5
$17 $142)10... Bxc5 ( 10... Qb4+ $142 { finishes off the opponent}  11. Nd2
Qxh4 $19 )11. O-O Nxe5 12. Nc3 ( 12. Nf3 Nxd3 13. Qxd3 O-O $19 )12... Qb4 13.
Na4 Be7 ( 13... Bd6 14. Nf3 Bd7 15. Nxe5 Bxe5 16. Rb1 $19 )14. Nf3 Nxd3 15.
Qxd3 ( 15. cxd3 b6 $19 )15... O-O 16. c3 ( 16. Rfe1 Bf6 17. a3 Qd6 $19 )16...
Qa5 17. Ne5 Qc7 18. f4 Bd6 ( 18... Rd8 19. Rae1 $19 )19. Qg3 ( 19. c4 dxc4 20.
Qxc4 Qxc4 21. bxc4 Bc7 $19 )19... b5 20. Nb2 Bb7 21. Ng4 Kh8 22. Rac1 Rfc8 (
22... Qa5 23. Nd3 Rac8 24. Qf2 $19 )23. Nd3 Qb6+ { Black prepares the advance
b4}  24. Kh1 b4 ( 24... f6 25. Rfe1 Bf8 26. Ngf2 $19 )25. Nde5 ( 25. Nge5 Kg8
26. c4 Qa6 $17 )25... Qc7 ( 25... Rc7 26. c4 Rac8 27. Qh3 $19 )26. f5 ( 26. Qh4
$5 Kh7 27. Qh5 $17 )26... Bxe5 $19 27. Nxe5 f6 ( 27... exf5 28. c4 $19 )28.
Ng6+ $17 Kh7 29. Nf8+ Kg8 30. Qxc7 Rxc7 31. Nxe6 Rxc3 32. Rcd1 Rc2 33. Rd4 a5
34. Rg4 ( 34. h4 Re8 $19 )34... g5 35. fxg6 Bc8 36. Nd4 Bxg4 37. Nxc2 Kg7 38.
Ne3 Be6 39. Rd1 Rd8 40. Nc4 $2 ( 40. Kg1 Kxg6 41. Nc2 Bg4 $19 )40... Kxg6 $4 {
there were better ways to keep up the pressure}  ( 40... Bg4 $142 { and the
result of the game is clear: Black will win}  41. Rd4 Re8 $19 )41. Nxa5 $17 Rd6
( 41... Rc8 $5 $142 42. Kg1 Rc7 $17 )42. Nb7 $11 { White threatens to win
material: Nb7xd6}  42... Rb6 { Black threatens to win material: Rb6xb7}  43.
Nc5 Kf7 44. Rd4 ( 44. Kg1 $5 $11 { deserves consideration} )44... Rc6 $15 45.
Nd3 Bf5 46. h3 { Consolidates g4}  ( 46. Kg1 $5 Bxd3 47. Rxd3 $15 )46... Bxd3
$17 47. Rxd3 Ke6 48. Rd4 Ke5 49. Rxb4 d4 50. Kg1 Rc2 51. a4 $4 { leads to
further unpleasantness}  ( 51. Kf1 d3 52. Ke1 Rxg2 53. Rb5+ Ke4 54. Rb6 $17
)51... Ra2 ( 51... d3 $142 { and Black has it in the bag}  52. Rb5+ Ke4 $19
)52. Rb8 ( 52. Kf1 f5 53. Rb5+ Ke4 $15 )52... Ke4 ( 52... d3 $5 $142 53. Re8+
Kd4 $17 )53. Re8+ Kd3 54. Re6 { White threatens to win material: Re6xf6}  54...
Re2 { Black threatens to win material: Re2xe6}  ( 54... Kc3 55. Rc6+ ( 55. Rxf6
$2 { doesn't work}  55... d3 $19 )55... Kxb3 56. Kf1 $15 )55. Rxf6 Kc2 56. a5 (
{ Instead of } 56. Rxh6 d3 $17 )56... d3 { Black advances the passed pawn}  57.
a6 $4 { White loses the upper hand}  ( 57. Rc6+ $142 { this is the best bet to
save the position}  57... Kxb3 58. Kf1 $11 ( 58. Rxh6 $2 { is no good}  58...
d2 59. Rd6 Kc2 $19 ))57... d2 $19 58. Rd6  0-1

[Event "Lidums Checkmate Op"]
[Site "Adelaide"]
[Date "2007.07.07"]
[Round "3.16"]
[White "Whitney, Garth"]
[Black "Jackson, Ralph E"]
[Result "0-1"]
[Annotator "Fritz 10"]
[BlackElo "1938"]
[EventCountry "AUS"]
[EventDate "2007.07.07"]
[EventRounds "7"]
[EventType "swiss"]
[PlyCount "60"]
[WhiteElo "1034"]

{ E94: King's Indian: Classical: 6 Be2 e5 7 0-0: Various Black 7th moves } 1. e4
g6 2. Nf3 Bg7 3. d4 d6 4. c4 Nf6 5. Nc3 O-O 6. Be2 Nbd7 7. O-O e5 8. d5 Nc5 9.
Qc2 a5 10. a3 a4 11. Be3 Nfd7 { Black has a cramped position. Black's piece
can't move: c8}  ( 11... Nb3 12. Rad1 Bd7 13. h3 b6 14. Rfe1 Nh5 15. Bf1 f5 16.
exf5 gxf5 17. Ng5 Nd4 18. Qb1 h6 19. Ne6 Nxe6 20. dxe6 Bxe6 21. Nd5 Nf6 22. Qc2
Nd7 23. Qd2 Kh7 24. f4 Nc5 25. fxe5 dxe5 26. Bxc5 { Petritaj,F  ( 2141 )
-Itkis,B  ( 2490 ) /Kalithea 2006/CBM 112 ext/0-1  ( 65 )}  )12. Bd1 $146 ( 12.
Nd2 f5 13. f3 ( 13. f4 exf4 14. Bxf4 Be5 15. exf5 Rxf5 16. Be3 Qh4 17. h3 Qg3
18. Nf3 Nb3 19. Ne4 Rxf3 20. Nxg3 Rxe3 21. Rad1 Rxg3 22. Bg4 Ndc5 23. Bxc8 Rxc8
24. Kh1 Nd4 25. Qf2 Nf5 26. Rb1 Rd3 27. Qe1 Re3 { Tempelman,K  ( 1477 )
-Haast,M  ( 1980 ) /Hengelo 2005/CBM 107 ext/0-1  ( 32 )}  )13... f4 14. Bf2
Bf6 15. b4 axb3 16. Nxb3 Nxb3 17. Qxb3 Bh4 18. g3 fxg3 19. hxg3 Bg5 20. Kg2 b6
21. Rh1 Nf6 22. a4 Qe7 23. Nb5 { 1/2-1/2 Varrambier,S-Ricci,M/Hyeres 1992/TD} 
)( 12. Ne1 f5 13. f3 Nb3 14. Rd1 Ndc5 15. Nd3 Nd4 16. Qb1 f4 17. Bf2 g5 18. Nc1
c6 19. Bd3 g4 20. Bxd4 exd4 21. N3e2 Qh4 22. Qc2 g3 23. h3 Be5 24. Qd2 Rf6 25.
Rfe1 Bxh3 26. gxh3 Qxh3 { Raghavi,N  ( 2117 ) -Nadig,K  ( 2182 ) /Bikaner
2004/CBM 104 ext/0-1  ( 34 )}  )( 12. Rad1 $5 $11)12... f5 { Black undermines
the pawn chain}  13. Nd2 f4 { Black gets more space}  14. Bxc5 Nxc5 { Black has
the pair of bishops}  ( { Weaker is } 14... dxc5 15. Nxa4 h5 16. Be2 $16 )15.
Nf3 ( 15. Rb1 $5 $17)15... g5 $19 16. h3 h5 ( 16... g4 $142 17. hxg4 Bxg4 $19
)17. Qe2 $2 ( 17. Nh2 g4 18. hxg4 Nb3 $17 )17... Nb3 ( 17... g4 $142 { would
have given Black a clear advantage}  18. hxg4 hxg4 $19 )18. Bxb3 $15 axb3 {
Black has new doubled pawns: b3+b7}  19. Nh2 g4 20. Nxg4 $4 ( 20. hxg4 $142 {
the rescuing straw}  20... hxg4 21. Nxg4 $15 )20... hxg4 $19 21. hxg4 f3 $1 {
Decoy: f3}  22. gxf3 Rf4 23. Nd1 $2 ( 23. Kg2 $19 $142)23... Qh4 24. Ne3 Qh3
25. Rac1 ( 25. Rfc1 Rxf3 26. Qf1 Bxg4 27. Qxh3 Bxh3 $19 ( 27... Rxh3 $143 28.
Nxg4 Ra4 29. Rab1 $14 ))25... Rxf3 ( 25... Rf6 26. f4 Rh6 27. f3 Qh1+ 28. Kf2
Qh4+ 29. Kg1 exf4 30. Qg2 fxe3 31. e5 Bxg4 32. fxg4 Bxe5 33. Rfe1 e2 34. Rxe2
Bd4+ 35. Rf2 Bxf2+ 36. Kf1 Rf8 37. Rc3 Be3+ 38. Ke2 Rf2+ 39. Kd3 Qf6 40. Qxf2
Qd4+ 41. Ke2 Qd2+ 42. Kf3 Rf6+ 43. Kg2 Qxf2+ 44. Kh3 Rh6# )26. c5 ( 26. Rfe1 {
hoping against hope}  26... Bxg4 27. Qf1 $19 )26... Bxg4 27. Qd2 ( 27. Rfe1 {
praying for a miracle}  27... Qh5 28. Rc3 $19 )27... Kf7 28. cxd6 ( 28. Nf5 {
doesn't change anything anymore}  28... Rh8 29. Qh6 Bxh6 30. Nxd6+ Ke7 31. Rc3
Rg8 32. Nf7 Bd7+ 33. Ng5 Rxg5# )28... Rh8 29. Rxc7+ Kf6 30. Nxg4+ ( 30. Rf7+ {
cannot change what is in store for ?}  30... Kxf7 31. Nxg4 Qxg4# )30... Qxg4# 
0-1

[Event "Lidums Checkmate Op"]
[Site "Adelaide"]
[Date "2007.07.07"]
[Round "3.17"]
[White "Peake, Michael"]
[Black "Brown, Andrew"]
[Result "1-0"]
[Annotator "Fritz 10"]
[BlackElo "1915"]
[EventCountry "AUS"]
[EventDate "2007.07.07"]
[EventRounds "7"]
[EventType "swiss"]
[PlyCount "116"]
[WhiteElo "1774"]

{ B33: Sicilian: Pelikan and Sveshnikov Variations } 1. e4 c5 2. Nf3 Nc6 3. d4
cxd4 4. Nxd4 Nf6 5. Nc3 e5 6. Nxc6 bxc6 7. Bd3 Be7 8. Be3 $146 ( 8. Bd2 O-O 9.
O-O d6 10. Kh1 { 1/2-1/2 Farkas,S-Janko,M/Kaskady 2002/CBM 089 ext}  )( 8. O-O
d6 9. f4 exf4 10. Bxf4 Ng4 11. Qf3 O-O 12. Kh1 Ne5 13. Bxe5 dxe5 14. Bc4 Bf6
15. Ne2 Qe7 16. Ng3 Bg5 17. Rad1 g6 18. Qb3 Bg4 19. Rd3 Rae8 20. h3 Bc8 21. Qa4
Qc7 22. Rc3 Bd2 { Wantiez,F  ( 2337 ) -Werner,Y  ( 2091 ) /Namur 2006/CBM 113
ext/1-0  ( 55 )}  )( 8. O-O O-O $11 )8... d5 $15 9. exd5 cxd5 10. Bb5+ Bd7 11.
Bxd7+ Qxd7 12. Ne2 ( 12. f4 e4 $15 )12... d4 13. Bg5 Rb8 14. Bxf6 gxf6 ( 14...
Bxf6 $5 $142 15. Rb1 O-O $17 )15. Rb1 $15 Qd5 { Black threatens to win
material: Qd5xa2}  16. O-O Rg8 ( 16... O-O 17. a3 $15 )17. g3 ( 17. Ng3 Kf8 18.
Qh5 Rg7 $11 ( 18... Qxa2 $143 19. Qh6+ Ke8 20. Qxh7 $16 ))17... f5 ( 17... Qc4
$5 $17)18. Qd3 $15 { White threatens to win material: Qd3xf5}  18... Qe4 19. f4
Qxd3 20. cxd3 e4 { Black threatens to win material: e4xd3.}  21. Kg2 ( 21. Rfd1
Rg6 22. Kg2 Rgb6 23. Nxd4 Rxb2+ 24. Rxb2 Rxb2+ 25. Kh3 e3 $11 )21... Bf6 $15
22. Rfd1 e3 { Black has a new protected passed pawn: e3}  ( 22... Rc8 $5 $15 {
should be examined more closely} )23. Rdc1 $11 Kd7 24. Rc2 ( 24. Rc5 $5 $11 {
might be a viable alternative} )24... Rgc8 $15 { Black threatens to win
material: Rc8xc2}  25. Rbc1 Rxc2 { Black pins: Rc2xe2}  26. Rxc2 Rb6 27. Kf1
Ra6 { Black threatens to win material: Ra6xa2}  ( 27... Rc6 28. Rxc6 Kxc6 29.
h3 $15 )28. Nc1 h5 29. Rc4 Rc6 30. Rxc6 Kxc6 { A minor pieces endgame occured} 
31. Ke2 Kb5 32. Kd1 h4 ( 32... a6 33. Ke2 $15 )33. Ne2 Kc5 34. Ke1 hxg3 35.
hxg3 { White has a new backward pawn: g3.}  35... Kb4 ( 35... Kd5 36. Ng1 $15
)36. Kf1 ( 36. Ng1 Kc5 $11 )36... a5 37. Kg2 a4 38. Kf1 Kc5 39. Kg2 Kd5 40. Kf3
Be7 41. Kg2 Bc5 42. Kf3 Ke6 43. Kg2 Kf6 44. Kh3 Kg6 45. Kh4 Bb6 46. Nc1 Bd8+
47. Kh3 Kf6 48. Kg2 Ke6 49. Kf3 Bb6 50. Ne2 { Blocks the pawn on e3}  50... Kd5
51. Kg2 Ba5 52. Kf1 Bd2 53. Kg2 Kc5 54. Kf1 Kb4 $4 { with this move Black loses
his initiative}  ( 54... f6 $15 $142 { this is the best way to fight back} )55.
Nxd4 $18 Bc1 56. Nc2+ Kc5 57. b3 a3 ( 57... axb3 { hardly improves anything} 
58. axb3 Bb2 59. Ke2 $18 )58. Ke2 Kd5  1-0

[Event "Lidums Checkmate Op"]
[Site "Adelaide"]
[Date "2007.07.07"]
[Round "3.18"]
[White "Saint, Andrew"]
[Black "Milton, Anthony W"]
[Result "1-0"]
[Annotator "Fritz 10"]
[BlackElo "1466"]
[EventCountry "AUS"]
[EventDate "2007.07.07"]
[EventRounds "7"]
[EventType "swiss"]
[PlyCount "41"]
[WhiteElo "1934"]

{ A18: English Opening: Flohr-Mikenas System  ( 1 c4 Nf6 2 Nc3 e6 3 e4 ) } 1. c4
e6 2. Nc3 Nf6 3. e4 Nc6 4. Nf3 d6 ( 4... Bb4 5. Qc2 d6 6. h3 O-O 7. Ne2 d5 8.
e5 d4 9. exf6 d3 10. Qb1 dxe2 11. Bxe2 Qxf6 12. O-O e5 13. Bd3 Bxh3 14. Bxh7+
Kh8 15. Be4 Bg4 16. Nh2 Nd4 17. Nxg4 Ne2+ 18. Kh1 Ng3+ 19. fxg3 { McNab,C  (
2412 ) -Robertson,I  ( 2182 ) /Edinburgh 2003/CBM 093 ext/0-1}  )5. d4 Be7 (
5... Ne7 6. Bd3 g6 7. e5 dxe5 8. dxe5 Nd7 9. O-O Bg7 10. Re1 Nc5 11. Bc2 Qxd1
12. Bxd1 a6 13. b4 Nd7 14. b5 c6 15. Bf4 O-O 16. Bb3 Nc5 17. bxa6 Rxa6 18. Bg5
Re8 19. Rad1 Kf8 20. g4 { Bakshi,R  ( 1643 ) -Schrimpl,M  ( 1437 ) /Dortmund
2006/CBM 113 ext/1-0}  )6. h3 $146 { Prevents intrusion on g4}  ( 6. Bf4 O-O 7.
Be2 d5 8. e5 Ne4 9. O-O Nxc3 10. bxc3 dxc4 11. Bxc4 Na5 12. Bd3 c5 13. Rb1 b6
14. dxc5 Bxc5 15. Ng5 g6 16. Qf3 Rb8 17. Qh3 h5 18. g4 Be7 19. Nh7 Kxh7 20.
gxh5 Rh8 { Fedorchuk,S  ( 2365 ) -Capuano,F/St Lorenzo 1995/Juniors/1-0}  )( 6.
Bd3 O-O 7. O-O Nb4 8. Bb1 Nd7 9. a3 Nc6 10. Qd3 f5 11. b4 g6 12. b5 Na5 13. Re1
Nb3 14. Ra2 Nxc1 15. Rxc1 Bf6 16. Re2 f4 17. Na4 e5 18. c5 exd4 19. cxd6 cxd6
20. Nxd4 Ne5 { Bauer,P  ( 2200 ) -Preisz,B/Zalakaros 1996/CBM 052 ext/0-1  ( 36
)}  )6... O-O 7. Be3 { Black has a cramped position}  7... d5 { Black threatens
to win material: d5xe4}  8. Qc2 ( 8. e5 $5 $142 { and White has air to breath} 
8... Ne4 9. Bd3 $14 )8... Nb4 $17 9. Qb1 dxe4 10. Nxe4 ( 10. Ne5 $5 $142 Nd7
11. Nxd7 Bxd7 12. a3 $15 )10... Nxe4 $19 11. Qxe4 f5 12. Qb1 f4 ( 12... e5 $5
$142 13. Bd2 e4 $19 )13. Bd2 $17 Nc6 $4 { Black lets it slip away}  ( 13... e5
$142 14. Bd3 Nxd3+ 15. Qxd3 Bf5 $17 )14. Bc3 ( 14. Bd3 Nxd4 15. Bxh7+ Kh8 $16
)14... Bf6 $2 { Now all is on d4}  ( 14... e5 $142 { is a viable option}  15.
Nxe5 Nxd4 $11 )15. Qe4 $18 e5 16. dxe5 Qe7 $4 { but even a better move would
not have saved the game}  ( 16... Be7 $5 $18)17. O-O-O ( 17. Bd3 $142 { makes
it even easier for White}  17... Bf5 18. Qxf5 g6 $18 )17... g6 $4 { terrible,
but the game is lost in any case}  ( 17... Bh4 18. Rd2 Be6 $18 )18. Qd5+ Be6
19. exf6 Qf7 ( 19... Rxf6 { doesn't do any good}  20. Bxf6 Qxf6 21. Qg5 $18
)20. Qc5 ( 20. Qg5 $5 $142 { might be the shorter path}  20... Rad8 21. Be2
Rfe8 22. Rxd8 Nxd8 $18 )20... a5 ( 20... Rad8 { there is nothing else anyway} 
21. Bd3 Rxd3 22. Rxd3 h6 $18 )21. Ng5 ( 21. Ng5 Qe8 22. Re1 $18 ) 1-0